Festival de la oración
Gespeichert in:
| 1. Verfasser: | |
|---|---|
| Format: | Buch |
| Sprache: | Spanisch |
| Veröffentlicht: |
Santiago
Paulinas
1980
|
| Ausgabe: | 1a. ed |
| Schriftenreihe: | Colección Forjando tu Vida, 15
|
| Schlagworte: | |
| Tags: |
Tag hinzufügen
Keine Tags, Fügen Sie den ersten Tag hinzu!
|
MARC
| LEADER | 00000nam a2200000 a 4500 | ||
|---|---|---|---|
| 001 | UCK0577 | ||
| 003 | CL-VaPUC | ||
| 008 | 041015e19800800CL |||||||||||||||||spa|d | ||
| 082 | 0 | 4 | |a 264.1 |b FOR |2 21 |
| 100 | 0 | |a Forbes Figueroa, José |e author |9 488513 | |
| 245 | 1 | 0 | |a Festival de la oración |
| 250 | |a 1a. ed | ||
| 300 | |a 101 p | ||
| 942 | |c BK | ||
| 945 | |d 20041015 00:00:00 |a vberengu | ||
| 260 | |a Santiago |b Paulinas |c 1980 | ||
| 650 | 0 | |a Oración |9 313348 | |
| 650 | 0 | |a Fe |9 308036 | |
| 650 | 0 | |a Teología cristiana |9 308336 | |
| 583 | |a last modification |c 20041015 00:00:00 |k Rodrigo Vera | ||
| 490 | 0 | |a Colección Forjando tu Vida, 15 | |
| 999 | |c 310952 |d 310950 | ||
| 952 | |0 0 |1 0 |4 0 |6 264_100000000000000_FOR_1980 |7 0 |8 A |9 380045 |a BIBTEO |b BIBTEO |d 2019-11-21 |i 4069447 |o 264.1 FOR 1980 |p 4069447 |r 2025-01-17 |w 2019-11-21 |y BK |k ICR | ||